[Event "Sommerschach 2022 Vereinsspieler"]
[Site "Dortmund"]
[Date "2022.07.04"]
[Round "1.1"]
[White "Lebioda-Dette, Kordula"]
[Black "Luft, Dennis"]
[Result "0-1"]
[WhiteElo "1693"]
[BlackElo "2308"]
[PlyCount "22"]
[EventDate "2022.07.??"]
[EventType "tourn"]
[EventRounds "7"]
[WhiteTeam "SF Essen-Werden"]
[BlackTeam "SF Brackel"]

1. e4 e5 2. Bc4 Nf6 3. d3 c6 4. Bg5 d5 5. exd5 cxd5 6. Bb5+ Nc6 7. Nf3 Qa5+ 8.
Nc3 d4 9. Bd2 dxc3 10. Bxc6+ bxc6 11. Bxc3 Bb4 0-1

[Event "Sommerschach 2022 Vereinsspieler"]
[Site "Dortmund"]
[Date "2022.07.04"]
[Round "1.2"]
[White "Radulovic, Drazen"]
[Black "Jähnicke, Karl-Heinz"]
[Result "1-0"]
[WhiteElo "2184"]
[BlackElo "1823"]
[PlyCount "117"]
[EventDate "2022.07.??"]
[EventType "tourn"]
[EventRounds "7"]
[BlackTeam "SV Rochade Eving"]

1. e4 e5 2. Nf3 d6 3. d4 exd4 4. Nxd4 Nf6 5. Nc3 a6 6. Bg5 Be7 7. Be2 Bd7 8.
O-O O-O 9. Re1 Nc6 10. Nxc6 Bxc6 11. Bf3 Nd7 12. Bxe7 Qxe7 13. e5 Bxf3 14. exd6
Qf6 15. Qxf3 Qxf3 16. gxf3 cxd6 17. Re7 Rfd8 18. Rd1 Kf8 19. Re2 Ne5 20. Kg2 b5
21. Ne4 Ng6 22. Red2 d5 23. Nc3 Rac8 24. Kg3 Ne7 25. Ne2 Rc5 26. Nd4 Rdc8 27.
c3 g6 28. a3 Rc4 29. f4 Re8 30. Kf3 Rc7 31. Nc2 a5 32. Ne3 Rd7 33. Rd4 Red8 34.
R1d2 Kg7 35. a4 bxa4 36. Rxa4 Nc6 37. Nc2 Rb8 38. Ra2 Kf6 39. Nd4 Nxd4+ 40.
Rxd4 Rb5 41. Rda4 Ra7 42. Ke3 Kf5 43. Kd3 h5 44. b4 Kxf4 45. Rxa5 Rbxa5 46.
Rxa5 Rd7 47. Kd4 Kf3 48. Ra2 g5 49. b5 Rc7 50. b6 Rc4+ 51. Kd3 Rc8 52. Rb2 f5
53. Kd4 g4 54. Kxd5 Rxc3 55. b7 Rd3+ 56. Ke6 Rd8 57. b8=Q Rxb8 58. Rxb8 Kxf2
59. Kxf5 1-0

[Event "Sommerschach 2022 Vereinsspieler"]
[Site "Dortmund"]
[Date "2022.07.04"]
[Round "1.3"]
[White "Allen, Phillipp"]
[Black "Webner, Dennis"]
[Result "1/2-1/2"]
[WhiteElo "1618"]
[BlackElo "2136"]
[PlyCount "156"]
[EventDate "2022.07.??"]
[EventType "tourn"]
[EventRounds "7"]
[WhiteTeam "SV Erkenschwick"]
[BlackTeam "TuS Varrel"]

1. e4 d5 2. exd5 Qxd5 3. Nc3 Qd8 4. d4 Nf6 5. Bd3 Nc6 6. Nge2 Bg4 7. f3 Bh5 8.
Be3 e6 9. Ne4 Nd5 10. Bf2 Be7 11. c3 Bg6 12. O-O O-O 13. a3 e5 14. c4 Nf4 15.
Nxf4 exf4 16. Be2 Bh4 17. Bxh4 Qxh4 18. d5 Ne7 19. Qe1 Qxe1 20. Rfxe1 Nf5 21.
Bd3 Rfe8 22. Kf2 Rad8 23. Nc3 Ne3 24. Bxg6 hxg6 25. b3 c6 26. Nd1 cxd5 27. Nxe3
fxe3+ 28. Rxe3 dxc4 29. Rxe8+ Rxe8 30. bxc4 Kf8 31. Rd1 Ke7 32. Re1+ Kd7 33.
Rxe8 Kxe8 34. Ke3 Kd7 35. Kd4 Kc6 36. f4 Kd6 37. c5+ Kc6 38. Kc4 b5+ 39. cxb6
Kxb6 40. Kb4 a6 41. a4 f6 42. g4 Kc6 43. g5 f5 44. Kc4 Kb6 45. Kb4 Kc6 46. Ka5
Kb7 47. h3 Ka7 48. Kb4 Kb6 49. a5+ Kc6 50. Kc4 Kd6 51. Kd4 Kc6 52. Ke5 Kb5 53.
Ke6 Kxa5 54. Kf7 Kb4 55. Kxg7 a5 56. Kxg6 a4 57. Kxf5 a3 58. g6 a2 59. g7 a1=Q
60. g8=Q Qb1+ 61. Kf6 Qb2+ 62. Ke7 Qa3 63. f5 Kb5+ 64. Kf6 Qc3+ 65. Kf7 Qb3+
66. Kf8 Qa3+ 67. Ke8 Qa8+ 68. Kf7 Qd5+ 69. Kg7 Qg2+ 70. Kh8 Qxh3+ 71. Qh7 Qc3+
72. Kg8 Qc8+ 73. Kg7 Qc7+ 74. Kh6 Qh2+ 75. Kg6 Qg3+ 76. Kf7 Qc7+ 77. Kg8 Qb8+
78. Kg7 Qc7+ 1/2-1/2

[Event "Sommerschach 2022 Vereinsspieler"]
[Site "Dortmund"]
[Date "2022.07.04"]
[Round "1.4"]
[White "Huckebrink, Chris"]
[Black "Mokros, Jürgen"]
[Result "1-0"]
[WhiteElo "2042"]
[BlackElo "1611"]
[PlyCount "49"]
[EventDate "2022.07.??"]
[EventType "tourn"]
[EventRounds "7"]
[WhiteTeam "SV Ahlen"]
[BlackTeam "FS Dortmund"]

1. e4 e6 2. d4 d5 3. Nc3 Nf6 4. e5 Nfd7 5. f4 c5 6. Nf3 Nc6 7. Ne2 b6 8. c3 Bb7
9. h4 Be7 10. f5 O-O 11. fxe6 fxe6 12. Nf4 Rxf4 13. Bxf4 cxd4 14. cxd4 Qf8 15.
g3 Bb4+ 16. Kf2 h6 17. Bh3 Re8 18. Kg2 Qf7 19. Qd3 Nf8 20. h5 Be7 21. Bd2 Kh8
22. Raf1 Qg8 23. a3 Qh7 24. Qxh7+ Kxh7 25. Rc1 1-0

[Event "Sommerschach 2022 Vereinsspieler"]
[Site "Dortmund"]
[Date "2022.07.04"]
[Round "1.5"]
[White "Mücke, Lukas Benedikt"]
[Black "Arakelian, Aik"]
[Result "0-1"]
[WhiteElo "1463"]
[BlackElo "2015"]
[PlyCount "30"]
[EventDate "2022.07.??"]
[EventType "tourn"]
[EventRounds "7"]
[WhiteTeam "SV Waltrop"]
[BlackTeam "SG Ennepe-Ruhr-Süd"]

1. e4 c5 2. Nf3 d6 3. d4 cxd4 4. Nxd4 Nf6 5. Nc3 a6 6. Be3 e5 7. Nf3 b5 8. Be2
Bb7 9. Qd3 b4 10. Nd5 Bxd5 11. exd5 e4 12. Qb3 exf3 13. Qa4+ Qd7 14. Qxd7+
Nbxd7 15. Bxf3 Ne5 0-1

[Event "Sommerschach 2022 Vereinsspieler"]
[Site "Dortmund"]
[Date "2022.07.04"]
[Round "1.6"]
[White "Melmer, Felix"]
[Black "Sieberg, Rolf"]
[Result "1-0"]
[WhiteElo "2031"]
[BlackElo "1891"]
[PlyCount "53"]
[EventDate "2022.07.??"]
[EventType "tourn"]
[EventRounds "7"]
[BlackTeam "Sport Union Annen"]

1. d4 Nf6 2. c4 g6 3. Nc3 Bg7 4. Nf3 O-O 5. e4 d6 6. Be2 Nbd7 7. O-O e5 8. Be3
exd4 9. Nxd4 Nc5 10. f3 a5 11. Qd2 Bd7 12. Bh6 Ne8 13. Nd5 f5 14. Bxg7 Kxg7 15.
Bd3 fxe4 16. fxe4 Nxd3 17. Rxf8 Kxf8 18. Qh6+ Kg8 19. Rf1 Ng7 20. Nf6+ Qxf6 21.
Rxf6 Ne5 22. Rf1 Nxc4 23. Qc1 b5 24. b3 c5 25. Nxb5 Bxb5 26. bxc4 Bc6 27. Qf4
1-0

[Event "Sommerschach 2022 Vereinsspieler"]
[Site "Dortmund"]
[Date "2022.07.04"]
[Round "1.7"]
[White "Bilenko, Yaroslav"]
[Black "Zelt, Jens"]
[Result "1-0"]
[WhiteElo "1568"]
[BlackElo "2073"]
[PlyCount "97"]
[EventDate "2022.07.??"]
[EventType "tourn"]
[EventRounds "7"]
[BlackTeam "SC Hansa Dortmund"]

1. e4 d6 2. d4 c6 3. Nf3 Nd7 4. Nc3 e5 5. Be3 Qc7 6. Qd2 Nb6 7. Be2 Be7 8. h3
Nf6 9. g4 h6 10. O-O-O Bd7 11. Nh2 O-O-O 12. f4 exf4 13. Bxf4 g5 14. Bg3 Nh7
15. Nf1 Nf8 16. Ne3 Ng6 17. Rhf1 f6 18. Bd3 Be8 19. Qh2 Nh4 20. Ne2 h5 21. Bxh4
gxh4 22. Nf4 d5 23. e5 Bf7 24. Bf5+ Kb8 25. Be6 fxe5 26. Nfxd5 cxd5 27. Rxf7
Qd6 28. Rxe7 Qxe7 29. Qxe5+ Ka8 30. Nxd5 Nxd5 31. Bxd5 Qh7 32. Be4 Qh6+ 33. g5
Qb6 34. Qf4 Qe6 35. Qf3 Qa6 36. Rd3 Rhf8 37. Qg2 Rd7 38. g6 Qd6 39. Rf3 a6 40.
Rxf8+ Qxf8 41. Qf3 Qh6+ 42. Kb1 Qg5 43. c3 Ka7 44. Kc2 Re7 45. Qf5 Qxf5 46.
Bxf5 Kb6 47. d5 Re2+ 48. Kd3 Rg2 49. Kd4 1-0

[Event "Sommerschach 2022 Vereinsspieler"]
[Site "Dortmund"]
[Date "2022.07.04"]
[Round "1.8"]
[White "Dahlbeck, Mirko"]
[Black "Nathe, Nico"]
[Result "1-0"]
[WhiteElo "2060"]
[BlackElo "1563"]
[PlyCount "49"]
[EventDate "2022.07.??"]
[EventType "tourn"]
[EventRounds "7"]
[WhiteTeam "Sport Union Annen"]
[BlackTeam "SV Rochade Eving"]

1. e4 c5 2. Nf3 Nc6 3. d4 cxd4 4. Nxd4 d6 5. c4 g6 6. Nc3 Bg7 7. Be3 Nf6 8. Be2
O-O 9. O-O a6 10. Qd2 Nxd4 11. Bxd4 b6 12. f4 Bb7 13. Qe3 Qb8 14. e5 Nd7 15. e6
fxe6 16. Qxe6+ Rf7 17. Bxg7 Nc5 18. Qe3 Kxg7 19. b4 Nd7 20. Bg4 Qc7 21. Be6 Rf6
22. Rae1 Ne5 23. Nd5 Nxc4 24. Nxc7 Nxe3 25. Rxe3 1-0

[Event "Sommerschach 2022 Vereinsspieler"]
[Site "Dortmund"]
[Date "2022.07.04"]
[Round "1.9"]
[White "Volmer, Martin"]
[Black "Peters, Michael"]
[Result "0-1"]
[WhiteElo "1560"]
[BlackElo "1987"]
[PlyCount "76"]
[EventDate "2022.07.??"]
[EventType "tourn"]
[EventRounds "7"]
[WhiteTeam "SG Mengede"]
[BlackTeam "Bochumer SV"]

1. d4 d5 2. c4 e6 3. Nc3 Nf6 4. Bg5 Nbd7 5. e3 c6 6. cxd5 exd5 7. Bd3 Be7 8.
Qc2 O-O 9. Nf3 Re8 10. O-O h6 11. Bh4 Ne4 12. Bxe7 Qxe7 13. Rfe1 Nf8 14. Rab1
Bf5 15. Bxe4 Bxe4 16. Nxe4 dxe4 17. Nd2 Rad8 18. b4 Rd5 19. a4 h5 20. Rec1 Nd7
21. Qb3 a6 22. Nc4 h4 23. h3 g5 24. Qd1 Kg7 25. Qe2 Rg8 26. f4 gxf4 27. exf4
Rxd4 28. Qb2 Qf6 29. Ne3 Rd3 30. Nf5+ Kg6 31. Qxf6+ Kxf6 32. Nh6 Re8 33. Ng4+
Ke6 34. b5 axb5 35. axb5 c5 36. Rc4 f5 37. Nf2 Rd4 38. Rc3 Ra8 0-1

[Event "Sommerschach 2022 Vereinsspieler"]
[Site "Dortmund"]
[Date "2022.07.04"]
[Round "1.10"]
[White "Mann, Gergely"]
[Black "Shelukie, Magd"]
[Result "1-0"]
[WhiteElo "1653"]
[BlackElo "1637"]
[PlyCount "89"]
[EventDate "2022.07.??"]
[EventType "tourn"]
[EventRounds "7"]
[WhiteTeam "SF Essen-Werden"]
[BlackTeam "Bergische SF"]

1. e4 c6 2. Nc3 d5 3. Nf3 Bg4 4. h3 Bh5 5. exd5 cxd5 6. Bb5+ Nc6 7. g4 Bg6 8.
Ne5 Rc8 9. d4 e6 10. h4 f6 11. Nxg6 hxg6 12. Qe2 Kf7 13. Bxc6 Rxc6 14. Bd2 Qb6
15. Qd3 Rc4 16. O-O-O Qxd4 17. Qg3 Qxg4 18. Qb8 Qf5 19. Qxb7+ Be7 20. b3 Rc5
21. Kb2 Nh6 22. Be3 Rcc8 23. Rhe1 Rb8 24. Qa6 Rhc8 25. Bxa7 Ra8 26. Qb7 d4 27.
Rxd4 Qa5 28. Nb5 Nf5 29. Rxe6 Rxc2+ 30. Kxc2 Nxd4+ 31. Nxd4 Qxa2+ 32. Kd1 Qa1+
33. Ke2 Re8 34. Qd5 Qb2+ 35. Kf1 Kf8 36. Rxe7 Rxe7 37. Bc5 Qc1+ 38. Kg2 Qe1 39.
Qd8+ Kf7 40. Qxe7+ Qxe7 41. Bxe7 Kxe7 42. Kf3 Kd6 43. Ke4 f5+ 44. Nxf5+ gxf5+
45. Kxf5 1-0

[Event "Sommerschach 2022 Vereinsspieler"]
[Site "Dortmund"]
[Date "2022.07.04"]
[Round "1.11"]
[White "Krolik, Wilfried"]
[Black "Kruse, Victor"]
[Result "0-1"]
[WhiteElo "1540"]
[BlackElo "1733"]
[PlyCount "91"]
[EventDate "2022.07.??"]
[EventType "tourn"]
[EventRounds "7"]
[WhiteTeam "SV Waltrop"]
[BlackTeam "SK Köln-Südwest"]

1. e4 c6 2. d4 d5 3. Nc3 dxe4 4. Nxe4 Nf6 5. Nxf6+ exf6 6. Nf3 Bd6 7. Be2 O-O
8. O-O Re8 9. Be3 Nd7 10. c4 Nf8 11. Qc2 Qc7 12. h3 Bd7 13. Rac1 Rac8 14. Bd3
Bf4 15. Rfe1 Bxe3 16. fxe3 g6 17. Qf2 Ne6 18. b4 Qd6 19. a3 Kg7 20. Rf1 Rcd8
21. Nh4 Ng5 22. c5 Qe7 23. Rce1 Bxh3 24. Kh1 Be6 25. e4 h5 26. d5 cxd5 27. exd5
Rxd5 28. Bc4 Re5 29. Rxe5 fxe5 30. Bd3 Rd8 31. Qe3 Bd5 32. Re1 e4 33. Qg3 Re8
34. Bc2 Qe5 35. Qe3 Ne6 36. Bxe4 Nf4 37. Bxd5 Qxe3 38. Rxe3 Rxe3 39. Bxb7 Rxa3
40. c6 Nd5 41. b5 Rb3 42. Ba6 Nc7 43. Nf3 Nxa6 44. bxa6 Rc3 45. Nd4 Rc4 46. Nb5
0-1

[Event "Sommerschach 2022 Vereinsspieler"]
[Site "Dortmund"]
[Date "2022.07.04"]
[Round "1.12"]
[White "Morawietz, Manuel"]
[Black "Schacht, Jürgen"]
[Result "1-0"]
[WhiteElo "1928"]
[BlackElo "1548"]
[PlyCount "63"]
[EventDate "2022.07.??"]
[EventType "tourn"]
[EventRounds "7"]
[WhiteTeam "SV Unna"]
[BlackTeam "SV Rochade Eving"]

1. e4 e5 2. Nf3 Nc6 3. Bb5 a6 4. Ba4 Nf6 5. O-O d6 6. d4 Bd7 7. c3 exd4 8. cxd4
Be7 9. Nc3 O-O 10. Re1 b5 11. Bb3 Bg4 12. Nd5 Bxf3 13. gxf3 Na5 14. Nxe7+ Qxe7
15. Bc2 c5 16. d5 Rfe8 17. b3 Qe5 18. Bd2 Nb7 19. Bd3 Nh5 20. Qc1 Nf6 21. Bc3
Qh5 22. Qf4 Qg6+ 23. Kh1 Nh5 24. Qh4 Qh6 25. Rg1 g6 26. Rg5 Kf8 27. Rag1 Rac8
28. Bf1 c4 29. b4 Rc7 30. Bh3 Ree7 31. Bf6 Re8 32. Bg4 1-0

[Event "Sommerschach 2022 Vereinsspieler"]
[Site "Dortmund"]
[Date "2022.07.04"]
[Round "1.13"]
[White "Orlowski, Wilfried"]
[Black "Buyken, Florian"]
[Result "1-0"]
[WhiteElo "1544"]
[BlackElo "1894"]
[PlyCount "81"]
[EventDate "2022.07.??"]
[EventType "tourn"]
[EventRounds "7"]
[BlackTeam "PSV Duisburg"]

1. d4 e6 2. c4 f5 3. Nf3 Nf6 4. Bg5 Be7 5. e3 O-O 6. Be2 d6 7. Nc3 Nbd7 8. O-O
Qe8 9. Qc2 c5 10. Rad1 Qg6 11. Nb5 h6 12. Bh4 Qf7 13. d5 e5 14. Qxf5 e4 15. Nd2
Ne5 16. Qf4 g5 17. Bxg5 hxg5 18. Qxg5+ Kh8 19. Qh4+ Nh7 20. Qxe4 Bf5 21. Qf4
Qg7 22. Qg3 Qh6 23. e4 Bd7 24. f4 Rg8 25. Qc3 Bf6 26. Nxd6 Qg7 27. Qg3 Qe7 28.
Qb3 Qxd6 29. fxe5 Bxe5 30. Nf3 Bh3 31. Rf2 Raf8 32. Nxe5 Rxf2 33. Kxf2 Rxg2+
34. Ke1 Qxe5 35. Qxh3 Qxe4 36. Qf3 Qh4+ 37. Kd2 Qxh2 38. Rf1 Ng5 39. Qf8+ Kh7
40. Qe7+ Kg6 41. Rf6# 1-0

[Event "Sommerschach 2022 Vereinsspieler"]
[Site "Dortmund"]
[Date "2022.07.04"]
[Round "1.14"]
[White "Schmidt, Ralph"]
[Black "Scholtyßek, Norbert"]
[Result "1-0"]
[WhiteElo "1960"]
[BlackElo "1542"]
[PlyCount "53"]
[EventDate "2022.07.??"]
[EventType "tourn"]
[EventRounds "7"]
[WhiteTeam "SV Bochum-Linden"]
[BlackTeam "SF Lünen"]

1. e4 d5 2. exd5 Qxd5 3. Nc3 Qa5 4. Bc4 c6 5. Nge2 Nf6 6. d3 Bf5 7. O-O e6 8.
Ng3 Bg6 9. Qe2 Be7 10. f4 Bf5 11. Nce4 Nbd7 12. Bd2 Qc7 13. Nxf5 exf5 14. Ng5
Rf8 15. Rae1 Nb6 16. Bb4 c5 17. Bb5+ Kd8 18. Ba5 h6 19. Nf3 Ng8 20. d4 a6 21.
Ba4 Kc8 22. Ne5 Qd6 23. Bxb6 Qxd4+ 24. Qe3 Qxa4 25. Bxc5 Re8 26. Nxf7 Bxc5 27.
Qxc5+ 1-0

[Event "Sommerschach 2022 Vereinsspieler"]
[Site "Dortmund"]
[Date "2022.07.04"]
[Round "1.15"]
[White "Büdel, Jürgen"]
[Black "Atali, Dogukan"]
[Result "0-1"]
[WhiteElo "1768"]
[BlackElo "1811"]
[PlyCount "130"]
[EventDate "2022.07.??"]
[EventType "tourn"]
[EventRounds "7"]
[WhiteTeam "FS Dortmund"]
[BlackTeam "SV Waltrop"]

1. e4 e6 2. Nc3 d5 3. e5 c5 4. f4 Nc6 5. Nf3 Nh6 6. Be2 Nf5 7. O-O Be7 8. Qe1
h5 9. g3 Qb6 10. Qf2 Bd7 11. b3 Ncd4 12. Bd1 Nxf3+ 13. Bxf3 Nd4 14. Bd1 h4 15.
g4 c4 16. Kh1 Bc6 17. h3 Bc5 18. Qe1 O-O-O 19. Kh2 cxb3 20. axb3 Rde8 21. Na4
Bxa4 22. Rxa4 Nc6 23. c3 Qc7 24. b4 Bb6 25. Ba3 f6 26. b5 Na5 27. Bd6 Qd7 28.
Qe2 g5 29. fxg5 fxe5 30. Bxe5 Rhf8 31. Rff4 Rxf4 32. Rxf4 Nc4 33. Rxc4+ dxc4
34. Qxc4+ Bc7 35. d4 Kb8 36. Qxc7+ Qxc7 37. Bb3 Qxe5+ 38. dxe5 Rg8 39. Bxe6
Rxg5 40. Bf5 Kc7 41. Kg2 Kb6 42. Kf3 Kxb5 43. Kf4 Rg7 44. g5 Kc4 45. Kg4 Kxc3
46. Kxh4 Kd4 47. e6 a5 48. Kg4 a4 49. h4 Ke5 50. h5 a3 51. Bb1 Kxe6 52. h6 Rc7
53. Ba2+ Ke5 54. Kh5 Re7 55. Kg6 Kf4 56. Bf7 Rxf7 57. Kxf7 a2 58. g6 a1=Q 59.
g7 Qa2+ 60. Kf6 Qc2 61. Kf7 Qf5+ 62. Kg8 Kg5 63. h7 Kg6 64. h8=N+ Kf6 65. Kf8
Qc8# 0-1

[Event "Sommerschach 2022 Vereinsspieler"]
[Site "Dortmund"]
[Date "2022.07.04"]
[Round "1.16"]
[White "Lin, Yi"]
[Black "Borch, Roland"]
[Result "1-0"]
[WhiteElo "1872"]
[BlackElo "1512"]
[PlyCount "55"]
[EventDate "2022.07.??"]
[EventType "tourn"]
[EventRounds "7"]
[WhiteTeam "SC Hansa Dortmund"]
[BlackTeam "SVG Marten-Bövinghausen"]

1. e4 g6 2. Nf3 Bg7 3. d3 d6 4. g3 Nf6 5. Bg2 c6 6. O-O Bg4 7. h3 Bd7 8. c3 Qc8
9. Kh2 h5 10. Bg5 Be6 11. Na3 Nbd7 12. Nc2 Ne5 13. Nxe5 dxe5 14. Bxf6 Bxf6 15.
d4 Qd7 16. d5 cxd5 17. exd5 Bg4 18. hxg4 hxg4+ 19. Kg1 Bg5 20. Qe2 O-O-O 21.
Qxe5 Rh5 22. Qe4 Rdh8 23. Rfd1 Rh2 24. Ne3 Bxe3 25. Qxe3 Qf5 26. Qe4 Qd7 27.
Rd4 f5 28. Qe6 1-0

[Event "Sommerschach 2022 Vereinsspieler"]
[Site "Dortmund"]
[Date "2022.07.04"]
[Round "1.17"]
[White "Buchhop, Rainer"]
[Black "Kantor, Nikita"]
[Result "0-1"]
[WhiteElo "1493"]
[BlackElo "1870"]
[PlyCount "72"]
[EventDate "2022.07.??"]
[EventType "tourn"]
[EventRounds "7"]
[WhiteTeam "SV Unser Fritz"]
[BlackTeam "SC Wambel"]

1. Nf3 Nf6 2. c4 e6 3. g3 b6 4. Bg2 Bb7 5. O-O Be7 6. Nc3 O-O 7. d3 d6 8. b3
Nfd7 9. Bb2 Bf6 10. d4 c5 11. e3 Na6 12. Nb5 Be7 13. Qe2 Nc7 14. Nc3 cxd4 15.
exd4 Re8 16. Rad1 Rc8 17. Qd3 f6 18. Ng5 fxg5 19. Bxb7 Rb8 20. Bg2 Nf6 21. Rfe1
d5 22. Bc1 h6 23. Re2 Bb4 24. Bb2 Qd6 25. Rde1 Rbd8 26. Qg6 Rf8 27. Re5 dxc4
28. Ne4 Qd7 29. Re2 c3 30. Bxc3 Bxc3 31. Bh3 Bxd4 32. Rxe6 Nxe6 33. Nxf6+ Rxf6
34. Bxe6+ Qxe6 35. Rxe6 Rxg6 36. Rxg6 Bf6 0-1

[Event "Sommerschach 2022 Vereinsspieler"]
[Site "Dortmund"]
[Date "2022.07.04"]
[Round "1.18"]
[White "Krause, Dieter"]
[Black "Stork, Bernhard"]
[Result "1-0"]
[WhiteElo "2030"]
[BlackElo "1451"]
[PlyCount "115"]
[EventDate "2022.07.??"]
[EventType "tourn"]
[EventRounds "7"]
[WhiteTeam "SV Rochade Eving"]
[BlackTeam "Dortmunder SV"]

1. c4 g6 2. Nc3 Bg7 3. g3 Nf6 4. Bg2 O-O 5. e4 d6 6. Nge2 c6 7. O-O Be6 8. d3
Qc8 9. Rb1 Bh3 10. f4 Bxg2 11. Kxg2 e6 12. h3 a6 13. a4 Rd8 14. Be3 Nbd7 15. b4
Ne8 16. Qb3 Rb8 17. Rbc1 Bh6 18. Bg1 e5 19. Rc2 exf4 20. Nxf4 Bg7 21. Qa2 Nef6
22. Nd1 c5 23. b5 a5 24. Ne3 Nb6 25. Rcf2 Rf8 26. Rf3 Qe8 27. Bf2 Bh6 28. Be1
Qe5 29. Bxa5 Nbd7 30. Bd2 Qd4 31. Qb3 Nxe4 32. Nc2 Nxd2 33. Nxd4 Nxb3 34. Nxb3
Ne5 35. Re3 b6 36. a5 bxa5 37. Nxa5 Ra8 38. Nc6 Rfe8 39. Rfe1 Ra2+ 40. R3e2
Rea8 41. Nxe5 dxe5 42. Rxa2 Rxa2+ 43. Re2 Rxe2+ 44. Nxe2 Bg5 45. Nc3 Bd8 46.
Nd5 Kf8 47. b6 Bxb6 48. Nxb6 Ke7 49. Kf3 Kd6 50. g4 h6 51. h4 f6 52. Na4 f5 53.
Nc3 Ke6 54. Nd5 g5 55. hxg5 hxg5 56. Nc7+ Kd6 57. Ne8+ Ke6 58. Ng7+ 1-0

[Event "Sommerschach 2022 Vereinsspieler"]
[Site "Dortmund"]
[Date "2022.07.04"]
[Round "1.19"]
[White "Zabel, Reinhard"]
[Black "Jochmann, Christian"]
[Result "0-1"]
[WhiteElo "1435"]
[BlackElo "1995"]
[PlyCount "50"]
[EventDate "2022.07.??"]
[EventType "tourn"]
[EventRounds "7"]
[WhiteTeam "SC Doppelbauer Brambauer"]
[BlackTeam "SC Doppelbauer Brambauer"]

1. d4 Nf6 2. c4 g6 3. Nf3 Bg7 4. Nc3 d5 5. cxd5 Nxd5 6. e4 Nxc3 7. bxc3 O-O 8.
Bc4 c5 9. O-O Bg4 10. Be3 Nc6 11. e5 Qc7 12. h3 cxd4 13. cxd4 Bxf3 14. Qxf3
Nxd4 15. Bxd4 Qxc4 16. Qe3 b6 17. Rfc1 Qd5 18. f4 Rfd8 19. Bb2 e6 20. a3 Bf8
21. Kh2 Bc5 22. Qe2 Qb3 23. Rc3 Qa4 24. Rac1 Qxf4+ 25. g3 Rd2 0-1

[Event "Sommerschach 2022 Vereinsspieler"]
[Site "Dortmund"]
[Date "2022.07.04"]
[Round "1.20"]
[White "Grube, Jörg"]
[Black "Grimme, Rudolf"]
[Result "1-0"]
[WhiteElo "1815"]
[BlackElo "1382"]
[PlyCount "55"]
[EventDate "2022.07.??"]
[EventType "tourn"]
[EventRounds "7"]
[WhiteTeam "FS Dortmund"]
[BlackTeam "SVG Marten-Bövinghausen"]

1. e4 c5 2. Nf3 Nc6 3. d4 cxd4 4. Nxd4 g6 5. Nc3 Bg7 6. Be3 d6 7. Qd2 Nf6 8. f3
a6 9. O-O-O Bd7 10. Bc4 Na5 11. Bb3 Rc8 12. Kb1 b5 13. g4 Nc4 14. Bxc4 bxc4 15.
h4 h5 16. g5 Nh7 17. Ka1 Nf8 18. Rhf1 Ne6 19. f4 Nxd4 20. Bxd4 Bxd4 21. Qxd4
O-O 22. f5 Rc6 23. Nd5 Bc8 24. fxg6 fxg6 25. Rxf8+ Qxf8 26. Nxe7+ Qxe7 27. Qd5+
Kh7 28. Qxc6 1-0

[Event "Sommerschach 2022 Vereinsspieler"]
[Site "Dortmund"]
[Date "2022.07.04"]
[Round "1.21"]
[White "Seewald, Robin"]
[Black "Kasapchuk, Oleksandr"]
[Result "0-1"]
[WhiteElo "1335"]
[BlackElo "1581"]
[PlyCount "72"]
[EventDate "2022.07.??"]
[EventType "tourn"]
[EventRounds "7"]
[WhiteTeam "SC Marsberg"]
[BlackTeam "SF Brackel"]

1. e4 e5 2. Nf3 Nc6 3. d4 exd4 4. Bc4 Bc5 5. c3 d3 6. Qxd3 Nf6 7. Bxf7+ Kxf7 8.
Qc4+ d5 9. Qxc5 Nxe4 10. Qe3 Re8 11. O-O Kg8 12. Nbd2 Ng3 13. Qxe8+ Qxe8 14.
hxg3 Bg4 15. Re1 Qh5 16. b3 Rf8 17. Ba3 Rf6 18. Re3 Rh6 19. Nh4 g5 20. Rae1
gxh4 21. Re8+ Kf7 22. Rf8+ Kg7 23. Ree8 Be6 24. Nf3 hxg3 25. fxg3 Bf7 26. Nh4
Qd1+ 27. Kh2 Bxe8 28. Rxe8 Kf7 29. Rf8+ Ke6 30. Rf3 Ne5 31. Re3 Qd2 32. Bc5
Qxe3 33. Bxe3 Ng4+ 34. Kh3 Nxe3 35. g4 Nxg2 36. Kxg2 Rxh4 0-1

[Event "Sommerschach 2022 Vereinsspieler"]
[Site "Dortmund"]
[Date "2022.07.04"]
[Round "1.22"]
[White "Werner, Patrick"]
[Black "Haufe, Ulrich"]
[Result "1-0"]
[WhiteElo "1885"]
[BlackElo "1331"]
[PlyCount "37"]
[EventDate "2022.07.??"]
[EventType "tourn"]
[EventRounds "7"]
[WhiteTeam "SC Hansa Dortmund"]
[BlackTeam "SU Huckarde-Westerfilde"]

1. Nf3 d5 2. g3 e6 3. Bg2 c5 4. O-O f6 5. d4 Nc6 6. c4 dxc4 7. Qa4 cxd4 8. Nxd4
Qxd4 9. Bxc6+ Kf7 10. Be8+ Ke7 11. Rd1 b5 12. Bxb5 Qc5 13. b3 Ba6 14. Ba3 Qxa3
15. Rd7+ Ke8 16. Nxa3 Bxb5 17. Qxb5 Bxa3 18. Rxa7+ Kf8 19. Rxa8+ 1-0

[Event "Sommerschach 2022 Vereinsspieler"]
[Site "Dortmund"]
[Date "2022.07.04"]
[Round "1.23"]
[White "Foltin, Alica"]
[Black "Blockhaus, Tobias"]
[Result "0-1"]
[WhiteElo "1456"]
[BlackElo "1759"]
[PlyCount "44"]
[EventDate "2022.07.??"]
[EventType "tourn"]
[EventRounds "7"]
[WhiteTeam "SV Waltrop"]

1. e4 c5 2. Nc3 Nc6 3. f4 e6 4. Nf3 d5 5. Bb5 dxe4 6. Bxc6+ bxc6 7. Nxe4 Nf6 8.
Nxf6+ Qxf6 9. d3 Bd6 10. Qd2 O-O 11. O-O Rd8 12. Ng5 Bc7 13. Ne4 Qf5 14. Qf2 c4
15. Ng3 Qd5 16. dxc4 Qxc4 17. Be3 Qb5 18. b3 Ba6 19. c4 Qb4 20. Rfd1 Bc8 21.
Rxd8+ Bxd8 22. Bxa7 Rxa7 0-1

[Event "Sommerschach 2022 Vereinsspieler"]
[Site "Dortmund"]
[Date "2022.07.04"]
[Round "1.24"]
[White "Echargui, Amin"]
[Black "Bensch, Christian"]
[Result "1-0"]
[WhiteElo "1751"]
[BlackElo "1323"]
[PlyCount "33"]
[EventDate "2022.07.??"]
[EventType "tourn"]
[EventRounds "7"]
[WhiteTeam "SG Mengede"]
[BlackTeam "SC Wambel"]

1. e4 e5 2. Nf3 Nc6 3. Bc4 Bc5 4. c3 Nf6 5. d3 O-O 6. O-O d6 7. a4 a5 8. Nbd2
Bg4 9. Re1 Qd7 10. Nf1 h6 11. h3 Bh5 12. Ng3 Bg6 13. Nh4 Bh7 14. Qf3 Qe7 15.
Ngf5 Qd8 16. Bxh6 gxh6 17. Qg3+ 1-0

[Event "Sommerschach 2022 Vereinsspieler"]
[Site "Dortmund"]
[Date "2022.07.04"]
[Round "1.25"]
[White "Arnoldi, Ekkehard"]
[Black "Ropel, Dennis"]
[Result "0-1"]
[WhiteElo "1576"]
[BlackElo "1725"]
[PlyCount "116"]
[EventDate "2022.07.??"]
[EventType "tourn"]
[EventRounds "7"]
[WhiteTeam "SVG Plettenberg"]
[BlackTeam "SG Mengede"]

1. d4 Nf6 2. Bf4 g6 3. Nf3 Bg7 4. c4 O-O 5. Nc3 d5 6. e3 a6 7. a4 c6 8. Be2
dxc4 9. Bxc4 Nbd7 10. O-O Nb6 11. Ba2 Nbd5 12. Bg3 Bf5 13. Qb3 Nxc3 14. bxc3 b5
15. axb5 axb5 16. Qb2 e6 17. Ne5 Qc8 18. f3 g5 19. e4 Bg6 20. Nxg6 hxg6 21. e5
Nd5 22. Bxd5 exd5 23. Rxa8 Qxa8 24. Ra1 Qb7 25. h3 Ra8 26. Rxa8+ Qxa8 27. f4
gxf4 28. Bxf4 Kf8 29. Qb4+ Kg8 30. Bg5 Bf8 31. Be7 Qa1+ 32. Kh2 Bh6 33. Bh4
Bf4+ 34. Bg3 Be3 35. h4 Qg1+ 36. Kh3 Qh1+ 37. Kg4 Qxg2 38. Qd6 Qe4+ 39. Kh3
Qf5+ 40. Kg2 Qe6 41. Qxe6 fxe6 42. Be1 Kh7 43. Kf3 Bc1 44. Ke2 Kh6 45. Kd1 Ba3
46. Kc2 Kh5 47. Kb3 Be7 48. Bf2 Bxh4 49. Bg1 Be7 50. Kc2 Kg4 51. Kd3 Kf3 52.
Kd2 Bh4 53. Be3 g5 54. Bg1 g4 55. Be3 g3 56. Bg1 g2 57. Bh2 Kf2 58. Kd1 Bg3 0-1